000 00572nam a2200181Ia 4500
008 100920s9999 xx 000 0 und d
082 _b67055
_a24 थ 95
100 _aराजपूत रघुवीरसिंह.
245 _aव्दंव्दं.
260 _bलोकसाहित्य प्रकाशन, औरंगाबाद.
_c1995
300 _a206
_bसाधी
365 _b90
520 _aसायो.
630 _aव्दंव्दं.
650 _aसायो.
730 _aव्दंव्दं.
942 _cBOOK
999 _c709582
_d709579